000 00942nam a2200205Ia 4500
003 OSt
005 20241029155309.0
007 ca aa aaaaa
008 201103s9999 xx 000 0 und d
040 _cSSBUL
041 _abur
082 _223
_a၂၉၄.၃၄၄၃ ဝါ
_b၉၂၅၆ S-SAT
100 0 _aဝါသဝထေရ်၊ ဘဒ္ဒန္တ(မြစ်သားဆရာတော်)
_917317
245 1 0 _aတရားအရသာကိုယ်မှာရှိပါစေတရားတော် /
_cဘဒ္ဒန္တဝါသဝထေရ် (မြစ်သားဆရာတော်)။
260 _a[နေရာမပါ] ၊
_b[ထုတ်ဝေသူမပါ]၊
_c၂၀၀၂။
300 _a၁၀၉ စာမျက်နှာ ၊
_c၁၈ စင်တီ။
500 _aS-SAT: Dr. Sai Aung Tun
650 _aဗုဒ္ဓဘာသာ
_xတရားတော်
_913507
942 _2ddc
_cBK1
999 _c16694
_d16694